लोड हो रहा है...
Invertabrate learning V.3
| मुख्य लेखक: | |
|---|---|
| स्वरूप: | Printed Book |
| भाषा: | Undetermined English |
| प्रकाशित: |
New York
Plenum Press
1975
|
| विषय: |
| LEADER | 00524nam a2200169Ia 4500 | ||
|---|---|---|---|
| 008 | 140306s9999 xx 000 0 und d | ||
| 041 | |a eng | ||
| 082 | |a 590 |b COR/IN | ||
| 100 | |a Corning, W.C | ||
| 245 | |a Invertabrate learning V.3 | ||
| 260 | |a New York |b Plenum Press |c 1975 | ||
| 300 | |a 213 | ||
| 365 | |b USD.29.50 | ||
| 650 | |a Zoology | ||
| 942 | |2 ddc |c BK | ||
| 999 | |c 121286 |d 121286 | ||
| 952 | |0 0 |1 0 |2 ddc |4 0 |6 590_000000000000000_CORIN |7 0 |9 120641 |a KAUHCV |b KAUHCV |d 2004-05-11 |g 29.50 |o 590 COR/IN |p KAU_HCV-4661 |r 2014-03-22 |w 2014-03-22 |y BK | ||